000 00297nam a2200133Ia 4500
005 20251222155147.0
008 251222s9999||||xx |||||||||||||| ||spa||
082 _aREL.79.10
100 _aPAULO VI.
245 0 _aOctagesima Advenians
250 _a1ra. ed.
264 _bSalesiana
942 _cLIB
999 _c39433
_d39433